| 000 | 00488nam a2200181Ia 4500 | ||
|---|---|---|---|
| 008 | 240925s9999 xx 000 0 und d | ||
| 020 | _a8121924405 | ||
| 082 | _a621.31 THE | ||
| 100 | _aTheraja ,B. L.; Theraja ,A. K. | ||
| 245 | 2 | _aA Textbook of Electrical Technology | |
| 250 | _a23rd | ||
| 260 |
_aNew Delhi: _bS. Chand & Co _c,2013. |
||
| 300 |
_aix, 197p. _b2 _fOriginal |
||
| 500 | _aIncludes Index | ||
| 600 | _aElectrical Engineering | ||
| 650 | _aTechnology | ||
| 942 | _cBK | ||
| 999 |
_c14087 _d14087 |
||